00201nam a22000857a 4500020001500000100001700015245004000032260003100072300001200103 a0590590898 aLouis Sachar aThere's A Boy In The Girls Bathroom aNew YorkbScholasticc1987 a195 pgs